00839 a2200169 45000010006000000050017000060080041000230030015000640400040000790800032001192450052001512640045002033000019002485050362002670410008006291000032006374108220260407155704.0260407a1970 arg spa dAR-UNSa-BCEJYS aAR-UNSa-BCEJYSbspacAR-UNSa-BCEJYS a94:33xHistoria económica10aEnsayos sobre la historia económica argentina 1aBuenos Aires :bAmorrortu Editoresc1970 a454 p.c23 cm. a1. La economía argentina anterior a 1930 - 2. La economía argentina posterior a 1930 - 3. El sector rural - 4. Etapas de la industrialización argentina - 5. Aranceles aduaneros: 1906-1940 - 6. Precios relativos, industrialización y formación de capital - 7. Los ciclos de marchas y contramarchas y la inflación durante el período de posguerra. aspa1 aDíaz Alejandro, Carlos F.